at airport English-French - Statistiques

Statistiques générales
  • Ce quiz a été pris 28 fois
  • Le résultat moyen est 4 sur 22
Statistiques - réponses
Hint Réponse % Correct
to board embarquer
77%
to land atterrir
59%
the arrival l’arrivée
55%
aircraft avion
50%
the departure gate la porte d’embarquement
50%
boarding pass carte d’embarquement
41%
flight attendant hôtesse de l’air
36%
to book sth réserver
23%
domestic flight vol intérieur
14%
to collect / retrieve one’s luggage récupérer ses bagages
9%
the check-in counter bureau d’enregistrement
5%
the cabin crew membres d’équipage
5%
go through the customs passer la douane
5%
connecting flight vol de correspondance
5%
airline companie aérienne
0%
to check in enregistrer ses bagages
0%
to call at faire escale à
0%
the hold of the plane la soute à bagages
0%
concourse le hall
0%
bagage claim récupération des bagages
0%
departure lounge salle d’embarquement
0%
to fly business class voyager en classe business
0%
Aucun quiz correspondant
Distribution des résultats
% des personnes avec chaque résultat
Percentile par nombre de réponses
Votre historique - résultats
Vous n’avez pas pris ce quiz